| 000 | 00809cab a22001935a 4500 | ||
|---|---|---|---|
| 001 | L154261 | ||
| 008 | 111108s2011 xxka f 000 0 eng d | ||
| 035 | _a(Sirsi) u154261 | ||
| 041 | 0 | _aeng | |
| 245 | 0 | 0 |
_aStandard forms of partnering contracts _bthe ultimate contractual commitment? Part 8 |
| 260 | _c2011 | ||
| 490 |
_aCivil Engineering Surveyor _vNovember 2011, 27-29(3) |
||
| 520 | _aLooks at the key features of the partnering approach to contracting and suggests some conclusions as to how each of the forms addresses the key features of the partnering process. PPC2000, NEC3, JCT. | ||
| 590 | _aKA | ||
| 651 | 4 |
_aUnited Kingdom _y |
|
| 690 | _aBUILT ENVIRONMENT-BUILDING CONTRACT FORMS-STANDARD FORMS OF BUILDING CONTRACT | ||
| 690 | _aBUILT ENVIRONMENT-CONSTRUCTION MANAGEMENT | ||
| 942 | _n0 | ||
| 999 |
_c83547 _d83547 |
||